header

A Sidney chronology, 1554-1654 (Record no. 206442)

MARC details
000 -LEADER
fixed length control field 01402nam a2200349Ia 4500
082 04 - DEWEY DECIMAL CLASSIFICATION NUMBER
Classification number 821/.3
100 1# - MAIN ENTRY--AUTHOR NAME
Personal name Brennan, Michael G.
245 12 - TITLE STATEMENT
Title A Sidney chronology, 1554-1654
260 ## - PUBLICATION, DISTRIBUTION, ETC. (IMPRINT)
Place of publication New York :
Name of publisher Palgrave Macmillan,
Year of publication 2003.
300 ## - PHYSICAL DESCRIPTION
Number of Pages xxiii, 342 p.
490 1# - SERIES STATEMENT
Series statement Author chronologies
650 #0 - SUBJECT ADDED ENTRY--TOPICAL TERM
Topical Term English language
Topical Term Poets, English
700 1# - ADDED ENTRY--PERSONAL NAME
Personal name Kinnamon, Noel J.
856 40 - ELECTRONIC LOCATION AND ACCESS
Uniform Resource Identifier http://site.ebrary.com/lib/rucke/Doc?id=10103784

No items available.

© 2026 Rongo University
Contact us: librarian | system librarian | Rongo university